000 01661cam a2200169 4500500
005 20260208010533.0
041 _afre
042 _adc
100 1 0 _aSfez, Gérald
_eauthor
245 0 0 _aLeo Strauss : un criticisme de la preuve
260 _c2005.
500 _a90
520 _aLeo Strauss : un criticisme de la preuve Cette analyse des textes de Leo Strauss sur « l’art d’écrire » en situation de persécution cherche à en faire ressortir la cohérence et l’intérêt. Sont examinés successivement la question du contexte, les modalités de la preuve, le caractère crypté de la vérité, la position d’infériorité du censeur, la nécessité de mettre plusieurs textes en relation, les rapports de la philosophie et de la foi. L’analyse freudienne du Moïse de Michel-Ange fournit enfin un contre-exemple de la méthode straussienne.
520 _aLeo Strauss : a criticism of evidence This analysis of Leo Strauss’ texts about « the art of writing » in a situation of persecution aims at stressing out their coherence and interest. One after the other, the author studies in depth the concept of context, the modalities of evidence, the encrypted character of truth, the inferiority position of the censor, the need to relate several texts one to another, the relationship between philosophy and faith. The freudian analysis of the Moses by Michaelangelo shows a counter-example of the Straussian method.
786 0 _nRevue philosophique de la France et de l'étranger | 130 | 1 | 2005-03-01 | p. 3-19 | 0035-3833
856 4 1 _uhttps://shs.cairn.info/revue-philosophique-2005-1-page-3?lang=fr&redirect-ssocas=7080
999 _c1657031
_d1657031